गांधी आचरण और विचार के प्रतीक श्री नेमिचन्द्र जैन ‘भावुक’ (Record no. 1235965)

MARC details
000 -LEADER
fixed length control field 00897nam a2200205Ia 4500
005 - DATE AND TIME OF LATEST TRANSACTION
control field 20250108125201.0
008 - FIXED-LENGTH DATA ELEMENTS--GENERAL INFORMATION
fixed length control field 008 250107s9999 xx 000 0 hin d
037 ## - SOURCE OF ACQUISITION
Stock number REF
040 ## - CATALOGING SOURCE
Original cataloging agency CRL
Language of cataloging hin
Transcribing agency CRL
041 ## - LANGUAGE CODE
Language code of text/sound track or separate title hin
Source of code hin
084 ## - COLON CLASSIFICATION NUMBER
Classification number V2y7M91g R4 (RR)
084 ## - COLON CLASSIFICATION NUMBER
Assigning agency CRL
100 ## - MAIN ENTRY--PERSONAL NAME
Personal name पारीक, रमेश, संपा.
245 #0 - TITLE STATEMENT
Title गांधी आचरण और विचार के प्रतीक श्री नेमिचन्द्र जैन ‘भावुक’
Statement of responsibility, etc. पारीक, रमेश, संपा.
260 ## - PUBLICATION, DISTRIBUTION, ETC.
Place of publication, distribution, etc. जोधपुर, भारत
Name of publisher, distributor, etc. गांधी शांति प्रतिष्ठान समिति
Date of publication, distribution, etc. 3577
300 ## - PHYSICAL DESCRIPTION
Extent 320पृ0
650 ## - SUBJECT ADDED ENTRY--TOPICAL TERM
Topical term or geographic name entry element हिन्दी निबंधहिन्दी साहित्य
9 (RLIN) 729733
942 ## - ADDED ENTRY ELEMENTS (KOHA)
Koha item type Reference
Classification part V2y7M91g R4 (RR)
Holdings
Withdrawn status Lost status Damaged status Not for loan Home library Current library Date acquired Source of acquisition Total Checkouts Full call number Barcode Date last seen Price effective from Koha item type
        Central Library Central Library 2025-01-08 Gift, 13/11/2024,   O152,6N19x Q4 CL1699589 2025-01-08 2025-01-08 Reference
Copyright @ Delhi University Library System